[Event "Festival Rochefort 2009 - Tournoi de MI"]
[Site "Rochefort"]
[Date "2009.??.??"]
[Round "1.1"]
[White "Neiman, Emmanuel"]
[Black "Monroy, Charles"]
[Result "1-0"]
[WhiteElo "2358"]
[BlackElo "2394"]
[PlyCount "53"]

1. d4 Nf6 2. c4 e6 3. Nc3 Bb4 4. Qc2 O-O 5. a3 Bxc3+ 6. Qxc3 d6 7. Nf3 Nbd7 8.
g3 Qe7 9. Bg2 e5 10. dxe5 dxe5 11. O-O Re8 12. b4 a5 13. Bb2 c5 14. bxc5 Qxc5
15. Rad1 Nb6 16. Nxe5 Qc7 17. Qc2 Ng4 18. c5 Nxe5 19. Bxe5 Rxe5 20. cxb6 Qe7
21. Qc7 Bg4 22. Bxb7 Re8 23. Bc6 Bxe2 24. Qxe7 R5xe7 25. Bxe8 Bxd1 26. Rxd1
Rxe8 27. Rc1 1-0

[Event "Festival Rochefort 2009 - Tournoi de MI"]
[Site "Rochefort"]
[Date "2009.??.??"]
[Round "1.1"]
[White "David, Vincent"]
[Black "Geirnaert, Steven"]
[Result "1-0"]
[WhiteElo "2387"]
[BlackElo "2361"]
[PlyCount "75"]

1. d4 Nf6 2. c4 e6 3. Nf3 b6 4. g3 Ba6 5. Nbd2 Bb4 6. Qc2 Bb7 7. Bg2 Be4 8. Qb3
Bxd2+ 9. Bxd2 O-O 10. O-O d6 11. Rac1 Nbd7 12. Rfd1 Qe7 13. Qe3 Rfe8 14. Bc3 c6
15. b3 h6 16. Bb2 Rac8 17. Bh3 Bf5 18. Bg2 Be4 19. c5 bxc5 20. dxc5 d5 21. Qc3
e5 22. Bh3 d4 23. Qa5 g5 24. Nd2 Bd5 25. Nc4 g4 26. Bg2 Bxg2 27. Kxg2 Ne4 28.
f3 gxf3+ 29. exf3 Nexc5 30. Ba3 e4 31. f4 e3 32. Rxd4 e2 33. Re1 Rb8 34. Nd6
Red8 35. Bxc5 Nxc5 36. Qxc5 Rb5 37. Qxc6 Rb6 38. Nf5 1-0

[Event "Festival Rochefort 2009 - Tournoi de MI"]
[Site "Rochefort"]
[Date "2009.??.??"]
[Round "1.1"]
[White "Foisor, Cristina Adela"]
[Black "Bedouin, Xavier"]
[Result "1/2-1/2"]
[WhiteElo "2412"]
[BlackElo "2385"]
[PlyCount "96"]

1. c4 e6 2. g3 d5 3. Bg2 Nf6 4. Nf3 Be7 5. O-O O-O 6. d4 dxc4 7. Ne5 Nc6 8.
Nxc6 bxc6 9. e3 Ba6 10. Bxc6 Rb8 11. Nc3 Nd5 12. Nxd5 exd5 13. Qf3 Bb7 14. Ba4
c5 15. Bc2 Bc8 16. Rd1 Be6 17. Bf5 cxd4 18. exd4 Qd7 19. Bxe6 Qxe6 20. b3 cxb3
21. axb3 a6 22. Bf4 Rb4 23. Qd3 Bf6 24. Rxa6 Rxb3 25. Qxb3 Qxa6 26. Qxd5 Rd8
27. Qe4 Qa4 28. Rd2 Re8 29. Qd3 Re1+ 30. Kg2 Qa1 31. Rc2 g5 32. Be3 Rg1+ 33.
Kf3 h5 34. Rc7 g4+ 35. Kf4 Qa8 36. d5 Qd8 37. d6 Ra1 38. Qd5 Qf8 39. Ra7 Rxa7
40. Bxa7 Qh6+ 41. Ke4 Qc1 42. Qc5 Qd1 43. Qa3 Qb1+ 44. Kd5 Qf5+ 45. Kc6 Qc8+
46. Kb5 Qe8+ 47. Kc4 Qe4+ 48. Kb5 Qe8+ 1/2-1/2

[Event "Festival Rochefort 2009 - Tournoi de MI"]
[Site "Rochefort"]
[Date "2009.??.??"]
[Round "1.1"]
[White "Leriche, Eric"]
[Black "Foisor, Ovidiu Doru"]
[Result "1/2-1/2"]
[WhiteElo "2303"]
[BlackElo "2428"]
[PlyCount "73"]

1. d4 g6 2. Nf3 Bg7 3. c4 d6 4. g3 Nd7 5. Bg2 e5 6. Nc3 Ne7 7. O-O O-O 8. e4
exd4 9. Nxd4 a6 10. h3 Rb8 11. Rb1 Ne5 12. b3 c5 13. Nde2 f5 14. f4 N5c6 15.
Bb2 b5 16. cxb5 axb5 17. Kh2 b4 18. Nd5 fxe4 19. Bxe4 Qd7 20. g4 Ba6 21. Re1
Rbe8 22. Qd2 Bxe2 23. Rxe2 Nd4 24. Rf2 Kh8 25. Bg2 Nxd5 26. Bxd5 Re7 27. Kh1
Rfe8 28. Rbf1 Re2 29. Qd1 R2e3 30. Bg2 Ne2 31. Bxg7+ Qxg7 32. Kh2 Qc3 33. Rf3
g5 34. Qxd6 Rxf3 35. Rxf3 Qd4 36. Qxd4+ Nxd4 37. Rf2 1/2-1/2

[Event "Festival Rochefort 2009 - Tournoi de MI"]
[Site "Rochefort"]
[Date "2009.??.??"]
[Round "1.1"]
[White "Demuth, Adrien"]
[Black "Marholev, Dimitar"]
[Result "0-1"]
[WhiteElo "2331"]
[BlackElo "2449"]
[PlyCount "110"]

1. d4 d6 2. e4 Nf6 3. Nc3 g6 4. f4 Bg7 5. Nf3 O-O 6. Bd3 b6 7. e5 dxe5 8. fxe5
Nd5 9. Nxd5 Qxd5 10. Qe2 Bb7 11. O-O c5 12. c4 Qd7 13. dxc5 bxc5 14. Be4 Bxe4
15. Qxe4 Nc6 16. Bf4 Rad8 17. b3 Nb4 18. Be3 Qd3 19. Qxd3 Nxd3 20. Rad1 a6 21.
e6 f5 22. g3 Rd6 23. Ne1 Ne5 24. Nc2 Rc8 25. Rxd6 exd6 26. Rd1 Bf8 27. Rd5 Kg7
28. Bf4 Kf6 29. Bxe5+ dxe5 30. Rd7 Kxe6 31. Rxh7 f4 32. gxf4 exf4 33. Kf2 Rd8
34. Ke2 g5 35. h3 Be7 36. Ne1 Bf6 37. Nf3 Kf5 38. Rc7 Re8+ 39. Kf2 Bd4+ 40.
Nxd4+ cxd4 41. Rc5+ Ke4 42. Rxg5 Rh8 43. Rg6 Rxh3 44. c5 Rh2+ 45. Ke1 Rxa2 46.
b4 Ke3 47. Re6+ Kd3 48. Rf6 Re2+ 49. Kf1 Rb2 50. Rxf4 Rxb4 51. Rf3+ Kd2 52. Ra3
d3 53. c6 Rf4+ 54. Kg2 Rc4 55. Rxa6 Ke2 0-1

[Event "Festival Rochefort 2009 - Tournoi de MI"]
[Site "Rochefort"]
[Date "2009.??.??"]
[Round "2.3"]
[White "Geirnaert, Steven"]
[Black "Leriche, Eric"]
[Result "1-0"]
[WhiteElo "2361"]
[BlackElo "2303"]
[PlyCount "87"]
[EventDate "2009.??.??"]

1. e4 c5 2. Nc3 Nc6 3. g3 g6 4. Bg2 Bg7 5. d3 Rb8 6. Be3 b5 7. Qd2 b4 8. Nd1 d6
9. Ne2 Nd4 10. O-O e5 11. Nc1 Ne7 12. a3 a5 13. axb4 axb4 14. c3 bxc3 15. bxc3
Ne6 16. f4 exf4 17. gxf4 f5 18. Ne2 O-O 19. Bf2 Bf6 20. Ne3 Qc7 21. Kh1 Kh8 22.
Bg1 Bd7 23. Ng3 Ng7 24. Ra3 Bc6 25. Rfa1 Ra8 26. Rxa8 Rxa8 27. Rxa8+ Bxa8 28.
Qa2 Qd8 29. Nc4 fxe4 30. Nxd6 Bd5 31. Qxd5 Nxd5 32. Nf7+ Kg8 33. Nxd8 Bxd8 34.
Bxc5 Nxc3 35. dxe4 Ne6 36. Bb4 Nd1 37. f5 Nf4 38. Bc5 Nxg2 39. Kxg2 Nb2 40. e5
gxf5 41. e6 Bf6 42. Nxf5 Nd3 43. Bd6 Ne5 44. Nh6+ 1-0

[Event "Festival Rochefort 2009 - Tournoi de MI"]
[Site "Rochefort"]
[Date "2009.??.??"]
[Round "2.4"]
[White "Monroy, Charles"]
[Black "David, Vincent"]
[Result "1-0"]
[WhiteElo "2394"]
[BlackElo "2387"]
[PlyCount "79"]
[EventDate "2009.??.??"]

1. d4 d5 2. c4 dxc4 3. e3 e6 4. Bxc4 Nf6 5. Nf3 c5 6. O-O a6 7. Bb3 Nc6 8. Nc3
cxd4 9. exd4 Be7 10. Bg5 O-O 11. Qd2 Na5 12. Bc2 b5 13. Rad1 Bb7 14. Qf4 Nc4
15. Qh4 h6 16. Bxh6 Bxf3 17. gxf3 g6 18. Ne4 Re8 19. Ng5 Nh7 20. f4 Nxb2 21.
Rd2 Nc4 22. Rd3 Bf6 23. Qg4 Nd6 24. d5 e5 25. Nxh7 Kxh7 26. Rh3 e4 27. f5 Nxf5
28. Bc1+ Kg8 29. Bxe4 Ng7 30. d6 Rb8 31. Rd1 Qa5 32. d7 Re6 33. Rhd3 Rd8 34.
Be3 Be7 35. Bd5 Re5 36. Bb3 Kf8 37. Rd5 Rf5 38. Qe4 Rxd5 39. Qxd5 Ne6 40. Qc6
1-0

[Event "Festival Rochefort 2009 - Tournoi de MI"]
[Site "Rochefort"]
[Date "2009.??.??"]
[Round "2.5"]
[White "Demuth, Adrien"]
[Black "Neiman, Emmanuel"]
[Result "1/2-1/2"]
[WhiteElo "2331"]
[BlackElo "2358"]
[PlyCount "24"]
[EventDate "2009.??.??"]

1. d4 f5 2. c4 Nf6 3. g3 g6 4. Bg2 Bg7 5. Nc3 O-O 6. Nf3 d6 7. d5 a5 8. e4 e5
9. dxe6 Nxe4 10. Nxe4 fxe4 11. Ng5 Qe7 12. Nxe4 Bxe6 1/2-1/2

[Event "Festival Rochefort 2009 - Tournoi de MI"]
[Site "Rochefort"]
[Date "2009.??.??"]
[Round "2.2"]
[White "Foisor, Ovidiu Doru"]
[Black "Foisor, Cristina Adela"]
[Result "1/2-1/2"]
[WhiteElo "2428"]
[BlackElo "2412"]
[PlyCount "26"]
[EventDate "2009.??.??"]

1. c4 c5 2. g3 g6 3. Bg2 Bg7 4. Nc3 Nc6 5. e3 e6 6. Nge2 Nge7 7. O-O O-O 8. d4
cxd4 9. Nxd4 Nxd4 10. exd4 d5 11. cxd5 Nxd5 12. Nxd5 exd5 13. Be3 Be6 1/2-1/2

[Event "Festival Rochefort 2009 - Tournoi de MI"]
[Site "Rochefort"]
[Date "2009.??.??"]
[Round "3.1"]
[White "Neiman, Emmanuel"]
[Black "Marholev, Dimitar"]
[Result "1/2-1/2"]
[WhiteElo "2358"]
[BlackElo "2449"]
[PlyCount "26"]
[EventDate "2009.??.??"]

1. d4 Nf6 2. c4 g6 3. Nc3 Bg7 4. Nf3 c5 5. d5 a6 6. e4 d6 7. h3 O-O 8. Bd3 b5
9. O-O bxc4 10. Bxc4 Nbd7 11. Re1 Nb6 12. Bf1 Nfd7 13. Bf4 Qc7 1/2-1/2

[Event "Festival Rochefort 2009 - Tournoi de MI"]
[Site "Rochefort"]
[Date "2009.??.??"]
[Round "3.2"]
[White "David, Vincent"]
[Black "Demuth, Adrien"]
[Result "1/2-1/2"]
[WhiteElo "2387"]
[BlackElo "2331"]
[PlyCount "57"]
[EventDate "2009.??.??"]

1. d4 Nf6 2. c4 g6 3. Nf3 Bg7 4. g3 d6 5. Bg2 O-O 6. O-O a6 7. Nc3 Nc6 8. d5
Na5 9. Nd2 c5 10. Rb1 Rb8 11. b3 b5 12. Bb2 Bh6 13. Ba1 Bf5 14. e4 Bg4 15. Qc2
Bxd2 16. Qxd2 bxc4 17. bxc4 Nxc4 18. Qh6 Bd7 19. h3 e5 20. dxe6 fxe6 21. Rxb8
Qxb8 22. f4 Ne3 23. e5 dxe5 24. fxe5 Nfd5 25. Rb1 Qc7 26. Nxd5 Nxd5 27. Qd2 Bc6
28. Rc1 Bb7 29. Bd4 1/2-1/2

[Event "Festival Rochefort 2009 - Tournoi de MI"]
[Site "Rochefort"]
[Date "2009.??.??"]
[Round "3.3"]
[White "Leriche, Eric"]
[Black "Monroy, Charles"]
[Result "1/2-1/2"]
[WhiteElo "2303"]
[BlackElo "2394"]
[PlyCount "128"]
[EventDate "2009.??.??"]

1. d4 Nf6 2. Nf3 e6 3. c4 b6 4. g3 Ba6 5. Qa4 Bb7 6. Bg2 c5 7. dxc5 bxc5 8. O-O
Be7 9. Nc3 O-O 10. Rd1 d6 11. Bf4 Qb6 12. Rab1 Na6 13. Qb5 Rfd8 14. a3 Nc7 15.
Qxb6 axb6 16. Ne1 Bxg2 17. Nxg2 Nh5 18. e4 Nxf4 19. Nxf4 Bf6 20. Nfe2 Kf8 21.
Rd2 h5 22. Rbd1 Ke7 23. h4 g6 24. Kg2 Bg7 25. f3 Rab8 26. a4 Rd7 27. b3 Rbd8
28. Kf2 Na6 29. Kg2 Nb4 30. Kf2 Bh6 31. Nf4 Nc6 32. Nce2 Kf8 33. Rc2 Bg7 34.
Kg2 Ke7 35. Rcd2 Bf6 36. Kh3 Rh8 37. Kg2 Rdd8 38. Rh1 Rh7 39. Nh3 Rg7 40. Ng5
Rgg8 41. Rhd1 Rd7 42. Nh3 Be5 43. Nf2 Bg7 44. Nh3 Be5 45. Nf2 Rgd8 46. Nd3 Bg7
47. Ndf4 Bh6 48. Kf2 Ke8 49. Rc2 Kf8 50. Kf1 Nb4 51. Rc3 d5 52. cxd5 exd5 53.
exd5 Nxd5 54. Nxd5 Rxd5 55. Rxd5 Rxd5 56. Kf2 Rd2 57. Rc4 Ra2 58. Rc3 Ke7 59.
f4 Bg7 60. Rd3 Rb2 61. f5 Be5 62. fxg6 fxg6 63. Kf3 Rc2 64. Re3 Kf6 1/2-1/2

[Event "Festival Rochefort 2009 - Tournoi de MI"]
[Site "Rochefort"]
[Date "2009.??.??"]
[Round "3.4"]
[White "Foisor, Cristina Adela"]
[Black "Geirnaert, Steven"]
[Result "1/2-1/2"]
[WhiteElo "2412"]
[BlackElo "2361"]
[PlyCount "295"]
[EventDate "2009.??.??"]

1. Nf3 d5 2. g3 Nf6 3. Bg2 c6 4. d3 Bf5 5. Nc3 e6 6. Nd2 h6 7. e4 Bh7 8. O-O
Be7 9. Qe2 O-O 10. f4 Na6 11. g4 Nb4 12. g5 hxg5 13. fxg5 Nxe4 14. Ndxe4 dxe4
15. Bxe4 Bf5 16. a3 Nd5 17. Nxd5 cxd5 18. Bxf5 exf5 19. Rxf5 g6 20. Rf3 Bxg5
21. Bxg5 Qxg5+ 22. Rg3 Rae8 23. Qf2 Qe5 24. c3 Qe2 25. Rf1 Qxf2+ 26. Kxf2 Kg7
27. Re1 Rxe1 28. Kxe1 Rh8 29. h3 f5 30. Kf2 Kf6 31. c4 f4 32. Rf3 Kf5 33. cxd5
Rd8 34. d4 Rxd5 35. Rb3 b6 36. Kf3 g5 37. Rb4 b5 38. a4 a6 39. axb5 Rxb5 40.
Rxb5+ axb5 41. b4 Kf6 42. Ke4 Ke6 43. d5+ Kf6 44. Kd4 Kf5 45. Kc5 f3 46. d6 f2
47. d7 f1=Q 48. d8=Q Qc4+ 49. Kb6 Qxb4 50. Qc8+ Ke5 51. Qh8+ Ke4 52. Qh5 Qc4
53. Qg4+ Kd3 54. Qf3+ Kd4 55. Qg4+ Kc3 56. Qg3+ Qd3 57. Qe1+ Kd4 58. Qg1+ Qe3
59. Qg4+ Qf4 60. Qg1+ Ke4 61. Kxb5 Kf3 62. Kc6 Qg3 63. Qf1+ Qf2 64. Qb5 Qd2 65.
Qf5+ Qf4 66. Qe6 Kg3 67. Kd7 Qh4 68. Qe3+ Kg2 69. Ke8 Qg3 70. Qe2+ Kxh3 71.
Qh5+ Kg2 72. Qe2+ Kg1 73. Qd1+ Kf2 74. Qd2+ Kf1 75. Kd7 g4 76. Qc1+ Kg2 77.
Qd2+ Qf2 78. Qd5+ Kh3 79. Qh5+ Qh4 80. Qf5 Qe1 81. Kc8 Qc1+ 82. Kd8 Qe3 83. Kc8
Kg3 84. Qd7 Qf3 85. Qd2 Kh3 86. Qh6+ Kg2 87. Qd2+ Kg3 88. Qd6+ Kf2 89. Qd2+ Qe2
90. Qd4+ Kf1 91. Qf6+ Qf2 92. Qa6+ Kg1 93. Qa1+ Kg2 94. Qa8+ Kh2 95. Qd5 g3 96.
Qh5+ Kg2 97. Qd5+ Kg1 98. Qd1+ Qf1 99. Qd4+ Kh2 100. Qe5 Qa6+ 101. Kb8 Qb6+
102. Ka8 Qa6+ 103. Kb8 Qb6+ 104. Ka8 Qc6+ 105. Kb8 Qf3 106. Qd6 Qe4 107. Qh6+
Kg1 108. Qc1+ Kf2 109. Qb2+ Kf3 110. Qc3+ Kf4 111. Qf6+ Qf5 112. Qd4+ Kg5 113.
Qg7+ Qg6 114. Qe5+ Kg4 115. Qd4+ Kf3 116. Qc3+ Kf4 117. Qd2+ Kf3 118. Qc3+ Kf2
119. Qb2+ Ke1 120. Qc3+ Ke2 121. Qb2+ Kd1 122. Qb3+ Kd2 123. Qb4+ Ke3 124. Qe1+
Kd4 125. Qb4+ Ke5 126. Qc5+ Ke6 127. Qc4+ Kf6 128. Qc3+ Kf7 129. Qb3+ Kg7 130.
Qc3+ Kh7 131. Qc7+ Qg7 132. Qc2+ Kh8 133. Qg2 Qf8+ 134. Kc7 Qf2 135. Qh3+ Kg7
136. Qg4+ Kf6 137. Qh4+ Kf5 138. Qh5+ Ke4 139. Qe8+ Kd3 140. Qb5+ Kc3 141. Qa5+
Kc4 142. Qa4+ Kd5 143. Qc6+ Ke5 144. Qd6+ Ke4 145. Qc6+ Kf4 146. Qc4+ Kg5 147.
Qg8+ Kh4 148. Qh7+ 1/2-1/2

[Event "Festival Rochefort 2009 - Tournoi de MI"]
[Site "Rochefort"]
[Date "2009.??.??"]
[Round "3.5"]
[White "Bedouin, Xavier"]
[Black "Foisor, Ovidiu Doru"]
[Result "1-0"]
[WhiteElo "2385"]
[BlackElo "2428"]
[PlyCount "57"]
[EventDate "2009.??.??"]

1. e4 e6 2. d4 d5 3. e5 c5 4. c3 Nc6 5. Nf3 Bd7 6. Be2 Nge7 7. Na3 cxd4 8. cxd4
Nf5 9. Nc2 Qb6 10. O-O Rc8 11. Kh1 Na5 12. g4 Ne7 13. Nfe1 h5 14. gxh5 Bb5 15.
Nd3 Nf5 16. Be3 Nc6 17. Rg1 Qd8 18. Bg4 Qh4 19. Nf4 g5 20. Nd3 Nce7 21. Nce1
Nxe3 22. fxe3 Nf5 23. Nf3 Nxe3 24. Qb3 Bxd3 25. Nxh4 Nxg4 26. Rxg4 Be4+ 27.
Rxe4 dxe4 28. Qxb7 Rd8 29. Qb5+ 1-0

[Event "Festival Rochefort 2009 - Tournoi de MI"]
[Site "Rochefort"]
[Date "2009.??.??"]
[Round "4.2"]
[White "Geirnaert, Steven"]
[Black "Bedouin, Xavier"]
[Result "1/2-1/2"]
[WhiteElo "2361"]
[BlackElo "2385"]
[PlyCount "34"]
[EventDate "2009.??.??"]

1. c4 e5 2. Nc3 Nf6 3. Nf3 Nc6 4. g3 Bb4 5. Bg2 O-O 6. O-O e4 7. Ne1 Bxc3 8.
dxc3 h6 9. Nc2 Re8 10. Ne3 d6 11. f4 exf3 12. exf3 Bd7 13. h3 Ne7 14. Qc2 Qc8
15. Kh2 d5 16. cxd5 Nexd5 17. Qf2 b6 1/2-1/2

[Event "Festival Rochefort 2009 - Tournoi de MI"]
[Site "Rochefort"]
[Date "2009.??.??"]
[Round "4.3"]
[White "Monroy, Charles"]
[Black "Foisor, Cristina Adela"]
[Result "1/2-1/2"]
[WhiteElo "2394"]
[BlackElo "2412"]
[PlyCount "91"]
[EventDate "2009.??.??"]

1. d4 d5 2. Nf3 c6 3. c4 Nf6 4. e3 g6 5. Nc3 Bg7 6. Be2 O-O 7. O-O Bg4 8. h3
Bxf3 9. Bxf3 e6 10. Qb3 Qb6 11. cxd5 Qxb3 12. axb3 exd5 13. b4 a6 14. b5 cxb5
15. Nxd5 Nxd5 16. Bxd5 Nc6 17. Bd2 Rfc8 18. Rfc1 Bf8 19. Kf1 Bd6 20. Rc2 Rc7
21. Rac1 Rac8 22. g4 Kf8 23. Be4 Ke8 24. Ke2 Kd7 25. Kd3 b6 26. Bd5 f6 27. f4
Nb4+ 28. Bxb4 Rxc2 29. Rxc2 Rxc2 30. Kxc2 Bxb4 31. e4 Be1 32. Kd3 h6 33. g5
hxg5 34. fxg5 fxg5 35. e5 a5 36. Ke4 a4 37. Bg8 b4 38. Bc4 a3 39. bxa3 bxa3 40.
d5 Bc3 41. d6 Kc6 42. Bd5+ Kd7 43. Bf7 Kc6 44. Bd5+ Kd7 45. Bf7 Kc6 46. Bd5+
1/2-1/2

[Event "Festival Rochefort 2009 - Tournoi de MI"]
[Site "Rochefort"]
[Date "2009.??.??"]
[Round "4.4"]
[White "Demuth, Adrien"]
[Black "Leriche, Eric"]
[Result "1/2-1/2"]
[WhiteElo "2331"]
[BlackElo "2303"]
[PlyCount "64"]
[EventDate "2009.??.??"]

1. d4 Nf6 2. c4 e6 3. Nf3 b6 4. a3 Bb7 5. Nc3 d5 6. cxd5 exd5 7. Qc2 Be7 8. Bf4
c6 9. e3 O-O 10. Bd3 Na6 11. b4 Nc7 12. Rb1 Re8 13. O-O Ne6 14. Bg3 Nf8 15.
Rfc1 Nh5 16. Ne2 Nxg3 17. hxg3 Bd6 18. Nf4 a5 19. b5 c5 20. dxc5 bxc5 21. Rd1
Qe7 22. Ne2 g6 23. Nc3 Nd7 24. b6 c4 25. Bf1 Bc5 26. Nxd5 Bxd5 27. Rxd5 Nxb6
28. Re5 Qd6 29. Rd1 Qc7 30. Rxe8+ Rxe8 31. Qc3 Bf8 32. Nd4 a4 1/2-1/2

[Event "Festival Rochefort 2009 - Tournoi de MI"]
[Site "Rochefort"]
[Date "2009.??.??"]
[Round "4.5"]
[White "Neiman, Emmanuel"]
[Black "David, Vincent"]
[Result "1/2-1/2"]
[WhiteElo "2358"]
[BlackElo "2387"]
[PlyCount "37"]
[EventDate "2009.??.??"]

1. d4 d5 2. c4 dxc4 3. e3 e5 4. Bxc4 exd4 5. exd4 Nf6 6. Nf3 Be7 7. Nc3 O-O 8.
O-O c6 9. Re1 Nbd7 10. Bg5 Nb6 11. Bb3 Nbd5 12. Qd2 Be6 13. Ne5 Re8 14. Rad1
Rc8 15. Bc2 Rc7 16. a3 Qc8 17. Qd3 g6 18. Qf3 Nd7 19. Nxd7 1/2-1/2

[Event "Festival Rochefort 2009 - Tournoi de MI"]
[Site "Rochefort"]
[Date "2009.??.??"]
[Round "5.1"]
[White "David, Vincent"]
[Black "Marholev, Dimitar"]
[Result "1/2-1/2"]
[WhiteElo "2387"]
[BlackElo "2449"]
[PlyCount "43"]
[EventDate "2009.??.??"]

1. d4 Nf6 2. c4 g6 3. Nf3 Bg7 4. g3 c5 5. Bg2 cxd4 6. Nxd4 Nc6 7. O-O O-O 8.
Nc3 Qb6 9. e3 d6 10. b3 Bg4 11. Qd2 a6 12. Bb2 Rac8 13. h3 Bd7 14. Rad1 Rfe8
15. Rfe1 Qa5 16. Nde2 b5 17. Nd5 Qxd2 18. Rxd2 Nxd5 19. cxd5 Nb4 20. Bxg7 Kxg7
21. Nd4 Rc3 22. Be4 1/2-1/2

[Event "Festival Rochefort 2009 - Tournoi de MI"]
[Site "Rochefort"]
[Date "2009.??.??"]
[Round "5.2"]
[White "Leriche, Eric"]
[Black "Neiman, Emmanuel"]
[Result "1/2-1/2"]
[WhiteElo "2303"]
[BlackElo "2358"]
[PlyCount "28"]
[EventDate "2009.??.??"]

1. d4 d5 2. c4 c6 3. Nf3 Nf6 4. Qc2 dxc4 5. Qxc4 Bf5 6. g3 e6 7. Bg2 Be7 8. O-O
O-O 9. Nc3 Ne4 10. a4 Nxc3 11. bxc3 Be4 12. Ne5 Bxg2 13. Kxg2 Nd7 14. Nxd7 Qxd7
1/2-1/2

[Event "Festival Rochefort 2009 - Tournoi de MI"]
[Site "Rochefort"]
[Date "2009.??.??"]
[Round "5.3"]
[White "Foisor, Cristina Adela"]
[Black "Demuth, Adrien"]
[Result "1/2-1/2"]
[WhiteElo "2412"]
[BlackElo "2331"]
[PlyCount "66"]
[EventDate "2009.??.??"]

1. c4 c5 2. Nf3 Nf6 3. d4 cxd4 4. Nxd4 e5 5. Nb5 d5 6. cxd5 Qa5+ 7. N5c3 b5 8.
Nd2 b4 9. Qa4+ Qxa4 10. Nxa4 Nxd5 11. e4 Nb6 12. Nxb6 axb6 13. Nc4 Nd7 14. Be3
Bc5 15. Bd3 Ke7 16. Ke2 Ba6 17. Rhd1 g6 18. Rac1 Rhc8 19. Bd2 Bb5 20. Nxe5 Ba4
21. Nxd7 Bxd1+ 22. Rxd1 Kxd7 23. Bb5+ Ke7 24. Bc4 Rd8 25. Bd5 Rxd5 26. exd5
Rxa2 27. Bc1 f6 28. Rd3 Kd6 29. Bf4+ Kd7 30. Rb3 Bd4 31. Bc1 Kd6 32. Rxb4 Kxd5
33. Be3 Rxb2+ 1/2-1/2

[Event "Festival Rochefort 2009 - Tournoi de MI"]
[Site "Rochefort"]
[Date "2009.??.??"]
[Round "5.4"]
[White "Bedouin, Xavier"]
[Black "Monroy, Charles"]
[Result "1/2-1/2"]
[WhiteElo "2385"]
[BlackElo "2394"]
[PlyCount "72"]
[EventDate "2009.??.??"]

1. e4 c6 2. d4 d5 3. e5 Bf5 4. h4 h5 5. c4 e6 6. Bg5 Ne7 7. Nc3 Qb6 8. Qd2 Nd7
9. Rc1 f6 10. exf6 gxf6 11. Be3 Qa5 12. Nge2 Nb6 13. b3 dxc4 14. Ng3 cxb3 15.
axb3 Ned5 16. Nxd5 Qxd2+ 17. Bxd2 Nxd5 18. Nxf5 exf5 19. Bd3 f4 20. Ke2 Kf7 21.
Kf3 Bd6 22. Bc4 Rhg8 23. Bxf4 Bxf4 24. Bxd5+ cxd5 25. Kxf4 Rxg2 26. Rc7+ Kg6
27. f3 Re8 28. Rxb7 Ree2 29. Rxa7 Rd2 30. Ra4 Rd3 31. Rb4 Kf7 32. Re1 Kg6 33.
Rc1 Kf7 34. Rc7+ Kg6 35. Rc1 Kf7 36. Rc7+ Kg6 1/2-1/2

[Event "Festival Rochefort 2009 - Tournoi de MI"]
[Site "Rochefort"]
[Date "2009.??.??"]
[Round "5.5"]
[White "Foisor, Ovidiu Doru"]
[Black "Geirnaert, Steven"]
[Result "1/2-1/2"]
[WhiteElo "2428"]
[BlackElo "2361"]
[PlyCount "48"]
[EventDate "2009.??.??"]

1. d4 Nf6 2. c4 e6 3. g3 d5 4. Nf3 Be7 5. Bg2 O-O 6. O-O dxc4 7. Qc2 a6 8. a4
Bd7 9. Qxc4 Bc6 10. Bg5 Bd5 11. Qc1 a5 12. Nc3 Bxf3 13. Bxf3 c6 14. Rd1 Na6 15.
e4 Rc8 16. e5 Nd5 17. h4 Re8 18. Ne4 h6 19. Bxe7 Rxe7 20. Nd6 Rcc7 21. Bxd5
cxd5 22. Qf4 Rc2 23. Rac1 Rxc1 24. Rxc1 Rc7 1/2-1/2

[Event "Festival Rochefort 2009 - Tournoi de MI"]
[Site "Rochefort"]
[Date "2009.??.??"]
[Round "6.1"]
[White "Marholev, Dimitar"]
[Black "Geirnaert, Steven"]
[Result "1/2-1/2"]
[WhiteElo "2449"]
[BlackElo "2361"]
[PlyCount "182"]
[EventDate "2009.??.??"]

1. e4 d5 2. Nc3 dxe4 3. Nxe4 Qd5 4. Nc3 Qa5 5. d4 c6 6. Nf3 Nf6 7. Ne5 Be6 8.
Bc4 Bxc4 9. Nxc4 Qd8 10. O-O e6 11. Bg5 Be7 12. Ne5 O-O 13. f4 Nd5 14. Nxd5
exd5 15. Qg4 f5 16. Bxe7 Qxe7 17. Qg5 Qxg5 18. fxg5 Na6 19. Rae1 Rad8 20. Nd3
Rf7 21. Re5 g6 22. Rfe1 Nc7 23. a4 b6 24. Kf1 Kf8 25. Nf4 c5 26. c3 Rd6 27. h4
Rfd7 28. h5 Kf7 29. hxg6+ hxg6 30. Kf2 cxd4 31. cxd4 Rc6 32. Rh1 Kg7 33. Rh6
Rf7 34. Nh5+ Kg8 35. Nf6+ Rfxf6 36. gxf6 Kf7 37. Rh7+ Kxf6 38. Rd7 a5 39. Ke3
Kg5 40. Kf3 Kf6 41. Re3 Ne6 42. Rxd5 Ng5+ 43. Kf2 Ne4+ 44. Rxe4 fxe4 45. Ke3
Rc2 46. Rd6+ Ke7 47. Rxb6 Rxg2 48. Kxe4 g5 49. Rb5 g4 50. b3 g3 51. Rg5 Rg1 52.
Kf3 Rd1 53. Ke4 Rg1 54. Kf3 Rd1 55. Rxg3 Rxd4 56. Ke3 Rb4 57. Kd2 Kd7 58. Rc3
Kd6 59. Kc2 Rh4 60. Rc8 Rh2+ 61. Kc3 Rh3+ 62. Kb2 Rh2+ 63. Ka3 Rh5 64. Rc4 Rh2
65. Rc3 Rg2 66. b4 axb4+ 67. Kxb4 Rb2+ 68. Ka5 Kd7 69. Ka6 Rb4 70. a5 Rb1 71.
Ka7 Rb5 72. a6 Rb1 73. Rh3 Kc7 74. Rh7+ Kc8 75. Rb7 Ra1 76. Rb2 Kc7 77. Rc2+
Kd7 78. Rc4 Rb1 79. Rc5 Rb2 80. Ka8 Rb6 81. a7 Rb1 82. Rc2 Rb3 83. Rh2 Kc8 84.
Rh8+ Kc7 85. Rb8 Rh3 86. Rb7+ Kc6 87. Rb1 Rh8+ 88. Rb8 Rh1 89. Rc8+ Kd7 90. Rc5
Rb1 91. Rc2 Rb3 1/2-1/2

[Event "Festival Rochefort 2009 - Tournoi de MI"]
[Site "Rochefort"]
[Date "2009.??.??"]
[Round "6.2"]
[White "Monroy, Charles"]
[Black "Foisor, Ovidiu Doru"]
[Result "0-1"]
[WhiteElo "2394"]
[BlackElo "2428"]
[PlyCount "68"]
[EventDate "2009.??.??"]

1. d4 d5 2. c4 e6 3. Nf3 Nf6 4. g3 Be7 5. Bg2 O-O 6. O-O c6 7. Qc2 Nbd7 8. b3
b6 9. Bb2 Ba6 10. Nbd2 Rc8 11. Rac1 c5 12. Qb1 dxc4 13. Nxc4 b5 14. Nce5 Nxe5
15. Nxe5 Qb6 16. dxc5 Bxc5 17. Nd3 Be7 18. Qa1 Rfd8 {(=)} 19. Rxc8 Bxc8 20. Rc1
Bb7 21. Bxb7 Qxb7 22. Be5 Qe4 23. Qb2 Ne8 24. Rc2 h5 25. Qc1 Nd6 26. Qf4 Qb7
27. Bb2 Nf5 28. h4 a5 29. Rc7 Qb6 30. Rc1 Bd6 31. Qf3 Bxg3 32. Rc6 Qa7 33. Rc5
Bxh4 34. Qxh5 Rxd3 0-1

[Event "Festival Rochefort 2009 - Tournoi de MI"]
[Site "Rochefort"]
[Date "2009.??.??"]
[Round "6.3"]
[White "Demuth, Adrien"]
[Black "Bedouin, Xavier"]
[Result "1/2-1/2"]
[WhiteElo "2331"]
[BlackElo "2385"]
[PlyCount "53"]
[EventDate "2009.??.??"]

1. d4 Nf6 2. c4 g6 3. Nc3 Bg7 4. e4 d6 5. Nf3 O-O 6. Be2 e5 7. O-O Na6 8. Be3
Ng4 9. Bg5 Qe8 10. c5 h6 11. Bxa6 hxg5 12. Be2 exd4 13. Nb5 Qxe4 14. Nxc7 Rb8
15. cxd6 Qf4 16. Nb5 a6 17. g3 Qf6 18. Nbxd4 Qxd6 19. Nb3 Qe7 20. Re1 Rd8 21.
Qc1 Qf6 22. Qxg5 Qxg5 23. Nxg5 Bxb2 24. Rad1 Rxd1 25. Rxd1 Bf6 26. Ne4 Be7 27.
Nd6 1/2-1/2

[Event "Festival Rochefort 2009 - Tournoi de MI"]
[Site "Rochefort"]
[Date "2009.??.??"]
[Round "6.4"]
[White "Neiman, Emmanuel"]
[Black "Foisor, Cristina Adela"]
[Result "0-1"]
[WhiteElo "2358"]
[BlackElo "2412"]
[PlyCount "84"]
[EventDate "2009.??.??"]

1. d4 g6 2. c4 Bg7 3. Nf3 d6 4. e4 e5 5. Bg5 f6 6. Be3 Nh6 7. dxe5 dxe5 8.
Qxd8+ Kxd8 9. h3 Be6 10. Nc3 Nf7 11. O-O-O+ Nd7 12. c5 c6 13. Nd2 Kc7 14. Bc4
Nd8 15. b4 f5 16. f3 b5 17. Bb3 a5 18. a3 Re8 19. Kb2 Bf6 20. g4 f4 21. Bf2 a4
22. Bc2 h5 23. g5 Bxg5 24. Rhg1 Bf6 25. Rxg6 Bf7 26. Rgg1 Ne6 27. Bd3 Rab8 28.
Bb1 Ndf8 29. Ba2 Bg6 30. Kc1 Rbd8 31. Bd5 Bh7 32. Ba2 Rd7 33. Nd5+ cxd5 34.
exd5 Nd4 35. Rde1 Nb3+ 36. Nxb3 axb3 37. Bxb3 Ra8 38. d6+ Kc8 39. Bc2 Rxa3 40.
Bxh7 Nxh7 41. Rg8+ Kb7 42. Kb2 Rxf3 0-1